000 01256nam a22003497a 4500
003 CHAP
005 20220329141528.0
008 971013s1989 r 00010 d
010 _a69636
011 _a70608
035 _a80090
040 _cCHAP
090 _aTesis
100 0 0 _aHernández González, Víctor Manuel.
_954081
245 _aRespuesta a la distancia de plantación y tipo de poda en el cultivo hidropónico de jitomate (Licopersicum esculentum Mill) bajo invernadero rústico
260 _aChapingo, Méx. :
_bEl autor,
_c1989
300 _a54 h.
_b: ilus. ; gráfs.
502 _aTesis (Ing. Agr. Esp. en Fitotecnia) -- UACH. Departamento de Fitotecnia
590 _aALEPH
_b10
_c20130110
_lUCH01
_h1408
590 _aBATCH-UPD
_b10
_c20130110
_lUCH01
_h0513
590 _aBATCH-UPD
_b10
_c20130410
_lUCH01
_h0152
590 _aBATCH-UPD
_b10
_c20130914
_lUCH01
_h1129
590 _aCONVERSION
_b10
_c20130109
_lUCH01
_h1338
650 1 4 _aCultivos en invernadero.
_930376
650 1 4 _aHidroponía.
_955280
650 1 4 _aTomate
_xEspaciamiento.
_9113716
650 1 4 _aTomate
_xPoda.
_9113750
901 _aBK
942 _cFOLL
949 _bBC
_cTES
_d-32987
_eTS1
_h21454
_i80090
_si
949 _bBC
_cTES
_d-58972
_eTS2
_fc.2
_h27181
_i80090
_si
999 _c69636
_d69636